[Event "Mercredi 2014.02.19"]
[Site "Montreal CAN"]
[Date "2014.03.05"]
[Round "3"]
[White "Boudreau, Daniel"]
[Black "Valle-Romo, Ricardo"]
[Result "1/2-1/2"]
[WhiteElo "2089"]
[BlackElo "2005"]
[PlyCount "117"]
[EventDate "2014.02.19"]
[EventType "tourn"]
[EventRounds "5"]
[EventCountry "CAN"]

1. e4 c6 2. d4 d5 3. exd5 Qxd5 4. c4 Qa5+ 5. Nc3 Nf6 6. Bd3 Bg4 7. Nge2 e6 8.
O-O Qc7 9. Re1 Bb4 10. f3 Bh5 11. Bf4 Bd6 12. Bxd6 Qxd6 13. Qb3 b6 14. Rad1 O-O
15. Kh1 Nbd7 16. Ng3 Bg6 17. Bxg6 hxg6 18. d5 exd5 19. cxd5 Nc5 20. dxc6 Qxg3
21. hxg3 Nxb3 22. axb3 Rfc8 23. Rd6 Ne8 24. Rd7 Rxc6 25. Ree7 Nd6 26. Kh2 a6
27. b4 Rf8 28. g4 b5 29. Nd5 Nc8 30. Re1 g5 31. Kg3 g6 32. b3 Kg7 33. Rc7 Rd6
34. Nc3 Rd4 35. Re4 Rd3 36. Re5 Kh6 37. Rec5 Nb6 38. Re7 Nc8 39. Rec7 Nd6 40.
Kf2 Rd4 41. R7c6 Nb7 42. Re5 Rxb4 43. Rxa6 Rxb3 44. Nxb5 Rc8 45. Nd6 Nxd6 46.
Rxd6 Rc2+ 47. Re2 Rxe2+ 48. Kxe2 Rb2+ 49. Kf1 Kg7 50. Ra6 f5 51. Ra7+ Kh6 52.
gxf5 gxf5 53. Kg1 g4 54. fxg4 fxg4 55. Kh2 Kg5 56. Rg7+ Kf4 57. Rf7+ Kg5 58.
Rg7+ Kf4 59. Rf7+ 1/2-1/2

[Event "Mercredi 2014.02.19"]
[Site "Montreal CAN"]
[Date "2014.03.05"]
[Round "3"]
[White "Khudaverdian, Berj"]
[Black "Ouellet, Maili-Jade"]
[Result "0-1"]
[WhiteElo "1720"]
[BlackElo "1682"]
[PlyCount "78"]
[EventDate "2014.02.19"]
[EventType "tourn"]
[EventRounds "5"]
[EventCountry "CAN"]

1. e4 c5 2. d3 e6 3. Nf3 Nc6 4. g3 Nf6 5. Bg2 d5 6. Nbd2 Bd6 7. O-O O-O 8. c3
b6 9. Re1 Qc7 10. Qc2 Bb7 11. Nf1 c4 12. exd5 exd5 13. d4 Rfe8 14. Be3 b5 15.
a3 a5 16. N1d2 b4 17. axb4 axb4 18. Rxa8 Rxa8 19. Qb1 Bc8 20. Bg5 Nd7 21. Re8+
Nf8 22. Ne5 Bxe5 23. dxe5 h6 24. Bf4 Qd7 25. Rxc8 Rxc8 26. Qd1 bxc3 27. bxc3 g5
28. e6 Qxe6 29. Be3 Rd8 30. Qf3 Ne5 31. Qh5 Qg6 32. Qe2 Ne6 33. h3 Nd3 34. Kh2
Qf6 35. Bb6 Rb8 36. Bxd5 Rxb6 37. Nxc4 Rb1 38. Qxd3 Qxf2+ 39. Bg2 Qg1# 0-1

[Event "Mercredi 2014.02.19"]
[Site "Montreal CAN"]
[Date "2014.03.05"]
[Round "3"]
[White "Lamoureux, Yvon"]
[Black "Ostaci, Liviu"]
[Result "1-0"]
[WhiteElo "1609"]
[BlackElo "1601"]
[PlyCount "73"]
[EventDate "2014.02.19"]
[EventType "tourn"]
[EventRounds "5"]
[EventCountry "CAN"]

1. e4 e5 2. Nf3 Nc6 3. Bb5 a6 4. Bxc6 dxc6 5. d4 exd4 6. Qxd4 Qxd4 7. Nxd4 c5
8. Ne2 Bd7 9. Be3 O-O-O 10. O-O Bc6 11. f3 Ne7 12. Nbc3 Ng6 13. Rad1 Be7 14.
Rxd8+ Rxd8 15. Rd1 Rxd1+ 16. Nxd1 b6 17. Nf4 Nxf4 18. Bxf4 Bd7 19. Kf2 Be6 20.
a3 c6 21. g4 Bd8 22. Kg3 Bc7 23. h4 Bxf4+ 24. Kxf4 Kc7 25. Nf2 c4 26. c3 b5 27.
Nh3 h6 28. Ke5 Kd7 29. Nf4 f6+ 30. Kd4 Bf7 31. Kc5 Kc7 32. h5 a5 33. Ne2 Be8
34. Nd4 Bd7 35. Nf5 Bxf5 36. gxf5 a4 37. f4 1-0

[Event "Mercredi 2014.02.19"]
[Site "Montreal CAN"]
[Date "2014.03.05"]
[Round "3"]
[White "Lopez Linares, Lizandro"]
[Black "Cloutier, Mathieu"]
[Result "1-0"]
[WhiteElo "2011"]
[BlackElo "2114"]
[PlyCount "77"]
[EventDate "2014.02.19"]
[EventType "tourn"]
[EventRounds "5"]
[EventCountry "CAN"]

1. d4 Nf6 2. Nf3 c5 3. c3 b6 4. Bf4 Bb7 5. Nbd2 g6 6. h3 Bg7 7. e3 O-O 8. Be2
d6 9. O-O Nbd7 10. a4 a6 11. Qc2 Rc8 12. Rfd1 Re8 13. Qb3 d5 14. Ne5 c4 15. Qc2
Nf8 16. b3 b5 17. axb5 axb5 18. bxc4 bxc4 19. Rdb1 Bc6 20. Ra6 Ba8 21. Qa2 N6d7
22. Ndf3 f6 23. Nxd7 Nxd7 24. Qa4 e5 25. Bg3 Nf8 26. Bd1 Re6 27. Rxe6 Nxe6 28.
Qa6 Bc6 29. dxe5 Nc5 30. Qa7 Nd3 31. e6 Qe8 32. Nd4 Bf8 33. Nxc6 Rxc6 34. Rb8
Qxe6 35. Qa8 Qf7 36. Rxf8+ Qxf8 37. Qxc6 Qa3 38. Qxd5+ Kg7 39. Qxc4 1-0

[Event "Mercredi 2014.02.19"]
[Site "Montreal CAN"]
[Date "2014.03.05"]
[Round "3"]
[White "Nardone, Raul"]
[Black "Dumouchel, Alain"]
[Result "0-1"]
[WhiteElo "1876"]
[BlackElo "1914"]
[PlyCount "107"]
[EventDate "2014.02.19"]
[EventType "tourn"]
[EventRounds "5"]
[EventCountry "CAN"]

1. e4 c5 2. Nf3 d6 3. d4 cxd4 4. Qxd4 Nc6 5. Bb5 Bd7 6. Bxc6 Bxc6 7. c4 Nf6 8.
Nc3 g6 9. O-O Bg7 10. Qd3 O-O 11. Be3 Ng4 12. Bg5 f5 13. Nd5 Bxd5 14. Qxd5+ Kh8
15. Nd4 Nf6 16. Bxf6 Rxf6 17. exf5 gxf5 18. Ne6 Qb6 19. Nxg7 Kxg7 20. Rfe1 e5
21. c5 dxc5 22. Qxe5 Raf8 23. Rad1 Qc6 24. Rd5 b6 25. Rd3 Kg8 26. Rg3+ Rg6 27.
Qe7 Rf7 28. Qd8+ Rf8 29. Qh4 Qf6 30. Qc4+ Kh8 31. Qc3 Rxg3 32. Qxf6+ Rxf6 33.
hxg3 Kg7 34. Kf1 Kf7 35. Re5 c4 36. f4 a6 37. Kf2 Kg6 38. g4 fxg4 39. Rg5+ Kf7
40. Rxg4 h5 41. Rh4 Rf5 42. Ke3 Ra5 43. Kd4 Rxa2 44. Rxh5 Rxb2 45. Kxc4 Rxg2
46. Rh7+ Rg7 47. Rh6 Rg6 48. Rh2 Ke6 49. Rh3 Rf6 50. Rh4 Kf5 51. Kd5 Rg6 52.
Rh8 Kxf4 53. Ra8 a5 54. Re8 0-1

[Event "Mercredi 2014.02.19"]
[Site "Montreal CAN"]
[Date "2014.03.10"]
[Round "3"]
[White "O'Connor, Michael"]
[Black "Brassard, Sylvain"]
[Result "0-1"]
[WhiteElo "1753"]
[BlackElo "1729"]
[PlyCount "122"]
[EventDate "2014.02.19"]
[EventType "tourn"]
[EventRounds "5"]
[EventCountry "CAN"]

1. d4 d5 2. c4 e6 3. Nc3 Nf6 4. Bg5 Be7 5. e3 O-O 6. Nf3 h6 7. Bh4 b6 8. Qc2
dxc4 9. Bxc4 Bb7 10. Qe2 Nbd7 11. O-O Ne4 12. Bxe7 Nxc3 13. Bxd8 Nxe2+ 14. Bxe2
Rfxd8 15. b4 a5 16. b5 c5 17. bxc6 Bxc6 18. a4 Nf6 19. Ne5 Be8 20. Rfc1 Rdc8
21. Bf3 Nd5 22. Nc4 Rab8 23. Bxd5 exd5 24. Nb2 Bd7 25. h3 Rxc1+ 26. Rxc1 Rc8
27. Rxc8+ Bxc8 28. Kf1 Bd7 29. Ke2 b5 30. axb5 Bxb5+ 31. Kd2 a4 32. Kc1 a3 33.
Nd1 Bf1 34. g3 Bxh3 35. Nc3 Bf1 36. Nxd5 Bc4 37. Nb4 g5 38. e4 h5 39. Nc6 h4
40. gxh4 gxh4 41. Ne7+ Kh7 42. Nf5 h3 43. d5 h2 44. Ng3 Kg6 45. f4 f6 46. d6
Kf7 47. Kb1 Ke6 48. e5 fxe5 49. fxe5 Bb5 50. Ka2 Kxe5 51. Kxa3 Kf4 52. Ne2+ Kg4
53. Nc3 Bc6 54. Ne4 Kf4 55. Nf2 Kf3 56. Nd3 h1=Q 57. Ne5+ Ke2 58. Nc4 Qb1 59.
d7 Bxd7 60. Nd2 Qd3+ 61. Nb3 Be6 0-1

[Event "Mercredi 2014.02.19"]
[Site "Montreal CAN"]
[Date "2014.03.03"]
[Round "3"]
[White "Rondon, Luciano"]
[Black "Weston, Paul"]
[Result "0-1"]
[WhiteElo "1933"]
[BlackElo "1945"]
[PlyCount "66"]
[EventDate "2014.02.19"]
[EventType "tourn"]
[EventRounds "5"]
[EventCountry "CAN"]

1. d4 Nf6 2. c4 g6 3. Nc3 d5 4. Nf3 Bg7 5. Qb3 dxc4 6. Qxc4 O-O 7. e4 Bg4 8.
Be2 Nfd7 9. Be3 Bxf3 10. Bxf3 Nb6 11. Qd3 Nc6 12. Rd1 e5 13. d5 Nd4 14. Bxd4
exd4 15. Ne2 Na4 16. Qc2 d3 17. Rxd3 Nxb2 18. Rb3 Na4 19. Rxb7 Nb6 20. Rxc7 Be5
21. Rc6 Qe7 22. O-O Rac8 23. g3 Rxc6 24. dxc6 Rc8 25. Bg4 Rc7 26. f4 Bd6 27.
Kg2 Bc5 28. Rc1 Rxc6 29. Nd4 Bxd4 30. Qxc6 Qa3 31. Qe8+ Kg7 32. Be6 Qxc1 33.
Qxf7+ Kh6 0-1

[Event "Mercredi 2014.02.19"]
[Site "Montreal CAN"]
[Date "2014.03.10"]
[Round "3"]
[White "Struben, Jeroen"]
[Black "Salazar, Andres"]
[Result "1-0"]
[WhiteElo "1691"]
[BlackElo "1760"]
[PlyCount "103"]
[EventDate "2014.02.19"]
[EventType "tourn"]
[EventRounds "5"]
[EventCountry "CAN"]

1. d4 c5 2. d5 d6 3. c4 Nf6 4. Nc3 g6 5. e4 Bg7 6. Nf3 Bg4 7. Be2 O-O 8. h3
Bxf3 9. Bxf3 e6 10. O-O exd5 11. exd5 Nfd7 12. Ne4 Qb6 13. Qc2 h6 14. Bf4 Ne5
15. Be2 f5 16. Ng3 Nbd7 17. Qd2 Kh7 18. h4 Qd8 19. h5 g5 20. Bxe5 Nxe5 21. Qc2
Qf6 22. f4 Nd7 23. Nxf5 Qxb2 24. Qxb2 Bxb2 25. Rab1 Bg7 26. Rxb7 Rad8 27. Bd3
Kh8 28. Ne7 Bd4+ 29. Kh1 Rf7 30. Nc6 Rdf8 31. Bg6 Rxf4 32. Rxf4 Rxf4 33. Nxd4
Nf8 34. Ne6 Rf6 35. Rb8 Kg8 36. Bh7+ Kxh7 37. Rxf8 Rxf8 38. Nxf8+ Kg7 39. Ne6+
Kf6 40. g4 Ke5 41. Kg2 Ke4 42. Kf2 Kd3 43. Nxc5+ Kxc4 44. Ne6 Kxd5 45. Nxg5 Kc4
46. Ne6 Kd5 47. Nc7+ Ke5 48. Kf3 Kf6 49. Kf4 Kg7 50. a4 a5 51. Kf5 Kf7 52. Nd5
1-0

[Event "Mercredi 2014.02.19"]
[Site "Montreal CAN"]
[Date "2014.03.12"]
[Round "4"]
[White "Abdelaal, Ibrahim"]
[Black "Baran, Marius"]
[Result "1-0"]
[WhiteElo "1660"]
[BlackElo "1626"]
[PlyCount "179"]
[EventDate "2014.02.19"]
[EventType "tourn"]
[EventRounds "5"]
[EventCountry "CAN"]

1. e4 c5 2. d4 cxd4 3. c3 Nf6 4. e5 Nd5 5. Nf3 Nc6 6. cxd4 e6 7. Bc4 Bb4+ 8.
Bd2 Nb6 9. Bd3 O-O 10. O-O Be7 11. Nc3 f5 12. exf6 Bxf6 13. Be3 Nb4 14. Ne4
Nxd3 15. Qxd3 d6 16. Rac1 Nd5 17. Nxf6+ Qxf6 18. Ng5 Qf5 19. Qxf5 exf5 20. a3
h6 21. Nf3 Bd7 22. h3 Rac8 23. Rxc8 Rxc8 24. Rc1 Rxc1+ 25. Bxc1 Kf7 26. g3 Ke6
27. h4 Bc6 28. Nd2 Bb5 29. Kg2 Nf6 30. f3 Kd5 31. Nb3 Ba4 32. Na5 b6 33. Nb7
Be8 34. Nd8 Bd7 35. Be3 a5 36. Kf2 Ba4 37. Ke2 Kc4 38. Kd2 Bb3 39. Nf7 Ne8 40.
Nd8 Kb5 41. g4 fxg4 42. fxg4 Bd5 43. g5 h5 44. g6 Be4 45. b3 Bxg6 46. Ne6 Be4
47. Kc3 Bd5 48. Nf4 Bf7 49. d5 Nf6 50. Kd4 Ng4 51. Bg1 Ne5 52. Bf2 Nf3+ 53. Ke3
Ne5 54. Ke4 Ng4 55. Bd4 g6 56. Ne6 Ka6 57. a4 Nh6 58. Be3 Nf5 59. Bg5 b5 60.
Nc7+ Kb6 61. Nxb5 Kc5 62. Nc7 Kb4 63. Nb5 Kxb3 64. Bf4 Kxa4 65. Nxd6 Bg8 66.
Nxf5 gxf5+ 67. Ke5 Kb5 68. d6 Kc6 69. Kxf5 Kd7 70. Kg6 Bd5 71. Kxh5 Ke6 72. Kg5
Kf7 73. Kf5 Be6+ 74. Ke5 Bg4 75. Kd5 Bd7 76. Kc5 Ke6 77. Bc1 a4 78. Ba3 Be8 79.
Kb6 Kd7 80. Bb4 Kc8 81. Kc5 Kd7 82. Kd5 Bf7+ 83. Ke5 Bh5 84. Kf6 Bg4 85. Kg5
Bh3 86. h5 Ke8 87. h6 Kf7 88. Bc3 Kg8 89. Kg6 Bf5+ 90. Kxf5 1-0

[Event "Mercredi 2014.02.19"]
[Site "Montreal CAN"]
[Date "2014.03.12"]
[Round "4"]
[White "Barko, Maxim"]
[Black "Nardone, Raul"]
[Result "0-1"]
[WhiteElo "1889"]
[BlackElo "1876"]
[PlyCount "62"]
[EventDate "2014.02.19"]
[EventType "tourn"]
[EventRounds "5"]
[EventCountry "CAN"]

1. Nf3 d5 2. g3 c5 3. c4 e6 4. Bg2 Nc6 5. Nc3 d4 6. Nb1 e5 7. e4 Nf6 8. d3 Be7
9. O-O O-O 10. Nh4 a6 11. a4 Rb8 12. Na3 Bg4 13. f3 Bd7 14. Nf5 Nb4 15. Nxe7+
Qxe7 16. Bg5 h6 17. Bxf6 Qxf6 18. Nc2 Nxc2 19. Qxc2 b5 20. axb5 axb5 21. Ra7
Rbd8 22. Rfa1 bxc4 23. Qxc4 Qb6 24. R7a6 Qxb2 25. Qxc5 Rc8 26. Qa3 Qd2 27. Qa5
Qe3+ 28. Kf1 Qxd3+ 29. Kg1 Qe3+ 30. Kf1 Rc2 31. Qe1 Bb5+ 0-1

[Event "Mercredi 2014.02.19"]
[Site "Montreal CAN"]
[Date "2014.03.07"]
[Round "4"]
[White "Boudreau, Daniel"]
[Black "Lopez Linares, Lizandro"]
[Result "1-0"]
[WhiteElo "2089"]
[BlackElo "2011"]
[PlyCount "57"]
[EventDate "2014.02.19"]
[EventType "tourn"]
[EventRounds "5"]
[EventCountry "CAN"]

1. e4 c5 2. f4 d5 3. exd5 Qxd5 4. Nc3 Qd6 5. Nf3 Nf6 6. Bb5+ Nbd7 7. O-O a6 8.
Bxd7+ Bxd7 9. Ne5 h5 10. Qf3 Rb8 11. d3 Bf5 12. Be3 e6 13. Rae1 Ng4 14. Nxg4
hxg4 15. Qf2 Qc6 16. Ne4 b6 17. Bd2 Be7 18. Bc3 Kf8 19. Qe3 Rh7 20. Re2 Rd8 21.
Ng3 g6 22. Ne4 Rd5 23. Nf6 Bxf6 24. Bxf6 Rh5 25. Rd1 Qc7 26. b3 Qd7 27. Red2
Rd4 28. c3 Rd5 29. d4 1-0

[Event "Mercredi 2014.02.19"]
[Site "Montreal CAN"]
[Date "2014.03.12"]
[Round "4"]
[White "Cloutier, Mathieu"]
[Black "Rondon, Luciano"]
[Result "0-1"]
[WhiteElo "2114"]
[BlackElo "1933"]
[PlyCount "64"]
[EventDate "2014.02.19"]
[EventType "tourn"]
[EventRounds "5"]
[EventCountry "CAN"]

1. e4 c5 2. Nf3 d6 3. d4 cxd4 4. Nxd4 Nc6 5. Nc3 Nf6 6. Bg5 a6 7. Qd2 e6 8.
O-O-O Be7 9. Bxf6 gxf6 10. f4 Nxd4 11. Qxd4 Qc7 12. Be2 Qc5 13. Qd2 Bd7 14. Bf3
O-O-O 15. e5 d5 16. Rhe1 fxe5 17. Rxe5 Bc6 18. Qe1 Rhe8 19. f5 Bg5+ 20. Kb1 Bf4
21. Ne4 Qb6 22. Nf6 Bxe5 23. Qxe5 Re7 24. fxe6 fxe6 25. Bg4 Qc7 26. Bxe6+ Kb8
27. Qxc7+ Kxc7 28. Bh3 d4 29. Nh5 Rf7 30. g3 Bf3 31. Nf4 Bxd1 32. Ne6+ Kd7 0-1

[Event "Mercredi 2014.02.19"]
[Site "Montreal CAN"]
[Date "2014.03.12"]
[Round "4"]
[White "Dumouchel, Alain"]
[Black "Gauthier, Luc"]
[Result "1/2-1/2"]
[WhiteElo "1914"]
[BlackElo "1838"]
[PlyCount "68"]
[EventDate "2014.02.19"]
[EventType "tourn"]
[EventRounds "5"]
[EventCountry "CAN"]

1. e4 e5 2. Bc4 d6 3. c3 c6 4. d3 b5 5. Bb3 Nf6 6. Nf3 Be7 7. O-O O-O 8. Bg5
Bg4 9. a4 Nbd7 10. Bc2 h6 11. Be3 a6 12. Nbd2 Re8 13. d4 Bf8 14. h3 Bh5 15. Qb1
Bxf3 16. Nxf3 d5 17. dxe5 Nxe5 18. Nxe5 Rxe5 19. f4 Re8 20. e5 Nd7 21. axb5
axb5 22. b4 Rxa1 23. Qxa1 Nb6 24. Qa6 Nc4 25. Bd4 Qc7 26. Qa7 Qxa7 27. Bxa7 Ra8
28. Bd4 Ra3 29. Bf5 Nd2 30. Rf2 Ra1+ 31. Kh2 Nf1+ 32. Rxf1 Rxf1 33. Bd7 Rxf4
34. Bxc6 Rxd4 1/2-1/2

[Event "Mercredi 2014.02.19"]
[Site "Montreal CAN"]
[Date "2014.03.12"]
[Round "4"]
[White "Khudaverdian, Berj"]
[Black "Struben, Jeroen"]
[Result "1/2-1/2"]
[WhiteElo "1720"]
[BlackElo "1691"]
[PlyCount "114"]
[EventDate "2014.02.19"]
[EventType "tourn"]
[EventRounds "5"]
[EventCountry "CAN"]

1. e4 d6 2. d3 c5 3. Nf3 Nc6 4. g3 g6 5. Bg2 Bg7 6. c3 Nf6 7. O-O Bg4 8. Nbd2
O-O 9. Re1 b5 10. a3 Rc8 11. h3 Be6 12. Ng5 Bd7 13. Nf1 Rc7 14. Ne3 Nh5 15. Nd5
Rc8 16. Nf4 Nf6 17. Nf3 e5 18. Nd5 Nxd5 19. exd5 Ne7 20. Nd2 c4 21. Nf1 Bf5 22.
dxc4 bxc4 23. Qa4 Qb6 24. Ne3 Bd3 25. Nd1 Rc7 26. Be3 Qb7 27. Qb4 e4 28. Qxb7
Rxb7 29. Bf4 Nxd5 30. Bxe4 Bxe4 31. Rxe4 Nxf4 32. Rxf4 d5 33. Ne3 Bh6 34. Rd4
Rxb2 35. Nxd5 Rd2 36. Ne7+ Kg7 37. Rxc4 Re2 38. Rc7 Rd8 39. Nc6 Rdd2 40. Nd4
Rxf2 41. Ne6+ Kf6 42. Nf4 Bxf4 43. gxf4 Rg2+ 44. Kh1 Rh2+ 45. Kg1 Rdg2+ 46. Kf1
Rg3 47. Rd1 Rhxh3 48. Rd6+ Kg7 49. Rdd7 Rxc3 50. Rxf7+ Kg8 51. Rg7+ Kf8 52.
Rcf7+ Ke8 53. Re7+ Kf8 54. Rgf7+ Kg8 55. a4 Rhe3 56. Rg7+ Kf8 57. Rgf7+ Kg8
1/2-1/2

[Event "Mercredi 2014.02.19"]
[Site "Montreal CAN"]
[Date "2014.03.12"]
[Round "4"]
[White "Nica, Ion"]
[Black "Ostaci, Liviu"]
[Result "1/2-1/2"]
[WhiteElo "1597"]
[BlackElo "1601"]
[PlyCount "120"]
[EventDate "2014.02.19"]
[EventType "tourn"]
[EventRounds "5"]
[EventCountry "CAN"]

1. b3 d5 2. Nf3 Nf6 3. Bb2 c6 4. e3 Bg4 5. c4 e6 6. h3 Bxf3 7. Qxf3 Nbd7 8.
cxd5 exd5 9. Bd3 Bd6 10. Bc2 Qe7 11. O-O O-O-O 12. a4 Kb8 13. a5 g5 14. Ba3 h5
15. Bxd6+ Qxd6 16. Qg3 Qe5 17. Qxe5+ Nxe5 18. d4 Ned7 19. b4 Ne4 20. Bxe4 dxe4
21. f3 exf3 22. Rxf3 Rh7 23. Nc3 g4 24. Rf4 gxh3 25. gxh3 Re8 26. e4 Re6 27. e5
f6 28. exf6 Rxf6 29. Raf1 Rg7+ 30. Kh2 Rfg6 31. Rf7 Rg2+ 32. Kh1 R2g3 33. Rxg7
Rxg7 34. Kh2 Kc7 35. Ne4 b6 36. Rf5 Re7 37. Rf4 Rg7 38. Nf6 Nxf6 39. Rxf6 bxa5
40. bxa5 Rd7 41. Rf5 h4 42. Rf4 Rh7 43. Kg2 Rh6 44. Kf3 Kb7 45. Rf5 Ka6 46. Ke4
Re6+ 47. Re5 Rh6 48. Kd3 Rg6 49. d5 cxd5 50. Rxd5 Rg3+ 51. Kc4 Rxh3 52. Kb4 Rh1
53. Rd6+ Kb7 54. Rd7+ Kb8 55. Kb5 Rg1 56. Rh7 Rg5+ 57. Ka6 Rg6+ 58. Kb5 a6+ 59.
Kc5 Rg5+ 60. Kb6 Rg6+ 1/2-1/2

[Event "Mercredi 2014.02.19"]
[Site "Montreal CAN"]
[Date "2014.03.12"]
[Round "4"]
[White "Ouellet, Maili-Jade"]
[Black "Brassard, Sylvain"]
[Result "0-1"]
[WhiteElo "1682"]
[BlackElo "1729"]
[PlyCount "66"]
[EventDate "2014.02.19"]
[EventType "tourn"]
[EventRounds "5"]
[EventCountry "CAN"]

1. d4 d5 2. c4 e6 3. Nc3 Nf6 4. Bg5 Be7 5. e3 O-O 6. Nf3 h6 7. Bh4 b6 8. cxd5
exd5 9. Bd3 Bb7 10. O-O c5 11. Rc1 Nbd7 12. Bb1 Rc8 13. Qc2 Ne4 14. Bxe7 Qxe7
15. dxc5 Ndxc5 16. Rfd1 Rfd8 17. Nd4 g6 18. Qe2 Nxc3 19. Rxc3 Ne4 20. Rxc8 Rxc8
21. Qg4 Kh7 22. f4 h5 23. Qf3 Re8 24. h3 Qh4 25. f5 g5 26. f6 g4 27. Qf5+ Kg8
28. hxg4 hxg4 29. Bxe4 Rxe4 30. Nc2 g3 31. Qh3 Qg5 32. Rd4 Rxd4 33. exd4 Qc1+
0-1

[Event "Mercredi 2014.02.19"]
[Site "Montreal CAN"]
[Date "2014.03.12"]
[Round "4"]
[White "Salazar, Andres"]
[Black "O'Connor, Michael"]
[Result "0-1"]
[WhiteElo "1760"]
[BlackElo "1753"]
[PlyCount "78"]
[EventDate "2014.02.19"]
[EventType "tourn"]
[EventRounds "5"]
[EventCountry "CAN"]

1. e4 c5 2. Nf3 Nc6 3. d4 cxd4 4. Nxd4 Nf6 5. Nc3 e5 6. Ndb5 d6 7. Nd5 Nxd5 8.
exd5 Ne7 9. c4 Nf5 10. Be3 Bd7 11. Nc3 Be7 12. Bd3 Nxe3 13. fxe3 Qb6 14. Qe2
O-O 15. O-O f5 16. Rac1 Bg5 17. Nd1 Rae8 18. Kh1 g6 19. b4 Rc8 20. a3 e4 21.
Bc2 Qa6 22. b5 Qxa3 23. Rb1 Qc5 24. Bb3 a6 25. bxa6 bxa6 26. Re1 Rb8 27. Nc3
Rb4 28. Qf2 Rfb8 29. Ba2 Rxb1 30. Nxb1 Bf6 31. Rc1 Rb2 32. Rc2 Rxc2 33. Qxc2
Qxe3 34. Qd1 Ba4 35. Qf1 Bc2 36. c5 Qxc5 37. Nd2 Bd3 38. Qe1 Qc2 39. Bb1 Qc3
0-1

[Event "Mercredi 2014.02.19"]
[Site "Montreal CAN"]
[Date "2014.03.12"]
[Round "4"]
[White "Valle-Romo, Ricardo"]
[Black "Weston, Paul"]
[Result "1/2-1/2"]
[WhiteElo "2005"]
[BlackElo "1945"]
[PlyCount "154"]
[EventDate "2014.02.19"]
[EventType "tourn"]
[EventRounds "5"]
[EventCountry "CAN"]

1. b3 e5 2. Bb2 Nc6 3. e3 a6 4. c4 Nf6 5. Nf3 d6 6. Be2 Be7 7. O-O O-O 8. d4
exd4 9. exd4 d5 10. Ne5 Nb8 11. Nc3 c6 12. c5 Nfd7 13. Na4 Nxe5 14. dxe5 Nd7
15. Bd3 Bxc5 16. Bxh7+ Kxh7 17. Qc2+ Kg8 18. Nxc5 Nxc5 19. Qxc5 Qg5 20. f4 Qh5
21. Qe7 Rb8 22. Ba3 Bf5 23. Bd6 Rfe8 24. Qc7 Be4 25. Rae1 b5 26. Re3 Rbc8 27.
Qa5 c5 28. Qxa6 Qg4 29. g3 Qd7 30. a4 bxa4 31. Qxa4 Qxa4 32. bxa4 c4 33. Rc1
Bd3 34. a5 d4 35. Ree1 Ra8 36. Bc7 g6 37. Bb6 Rec8 38. Red1 Rc6 39. Bxd4 Rxa5
40. Rd2 Rca6 41. Rb2 Ra8 42. Bc3 Ra1 43. Rxa1 Rxa1+ 44. Kf2 Rb1 45. Rxb1 Bxb1
46. Ke3 Kh7 47. h4 Bc2 48. g4 Bd1 49. g5 Bg4 50. Bb4 Bf5 51. Kd4 Be6 52. Kc5
Kg8 53. Kc6 Bg4 54. Kc7 Be2 55. Kd8 Bg4 56. Ke7 Bf5 57. Kf6 Bd3 58. e6 fxe6 59.
Kxe6 Be2 60. Bc3 Bg4+ 61. Kf6 Kh7 62. Be5 Bh5 63. f5 gxf5 64. Kxf5 Bg6+ 65. Kg4
Bd3 66. h5 Be2+ 67. Kh4 Bd3 68. Bc3 Bc2 69. Bd2 Kg7 70. h6+ Kh7 71. Kg4 Bd3 72.
Kf4 Bg6 73. Ke5 Bd3 74. Kf6 Bg6 75. Bc3 Bd3 76. Kf7 Bg6+ 77. Kf8 Bd3 1/2-1/2

[Event "Mercredi 2014.02.19"]
[Site "Montreal CAN"]
[Date "2014.03.12"]
[Round "4"]
[White "Zumsteg, Nicolas"]
[Black "Lamoureux, Yvon"]
[Result "1-0"]
[WhiteElo "1674"]
[BlackElo "1609"]
[PlyCount "35"]
[EventDate "2014.02.19"]
[EventType "tourn"]
[EventRounds "5"]
[EventCountry "CAN"]

1. e4 c5 2. Nf3 d6 3. d4 cxd4 4. Nxd4 Nf6 5. Nc3 a6 6. Bc4 e6 7. Bb3 b5 8. a3
Be7 9. Bg5 Nxe4 10. Nxe4 Bxg5 11. Qg4 Bf6 12. O-O-O d5 13. Nxf6+ Qxf6 14. Bxd5
Ra7 15. Nc6 Rc7 16. Nxb8 exd5 17. Rhe1+ Kf8 18. Qb4+ 1-0

[Event "Mercredi 2014.02.19"]
[Site "Montreal CAN"]
[Date "2014.03.19"]
[Round "5"]
[White "Baran, Marius"]
[Black "Nica, Ion"]
[Result "1/2-1/2"]
[WhiteElo "1626"]
[BlackElo "1597"]
[PlyCount "146"]
[EventDate "2014.02.19"]
[EventType "tourn"]
[EventRounds "5"]
[EventCountry "CAN"]

1. d4 Nf6 2. c4 Nc6 3. Nf3 e6 4. Nc3 Bb4 5. a3 Bxc3+ 6. bxc3 b6 7. Bg5 h6 8.
Bh4 g5 9. Bg3 Ne4 10. Qc2 Nxg3 11. hxg3 Qf6 12. e4 e5 13. d5 Na5 14. Bd3 Nb7
15. Be2 a5 16. Nd2 a4 17. Bg4 Ra5 18. Rb1 Qe7 19. Rb4 Nc5 20. Qb1 Ba6 21. Ke2
Qf6 22. Rh2 Ke7 23. Qh1 Nb3 24. Qf1 c5 25. Kd3 cxb4 26. cxb4 Nxd2 27. Kxd2 Bxc4
28. Qxc4 Qxf2+ 29. Be2 Raa8 30. d6+ Kxd6 31. Qd5+ Kc7 32. Qxe5+ Kb7 33. Rh1
Rac8 34. Qd5+ Kb8 35. Qd6+ Kb7 36. Qd5+ Kb8 37. Qd6+ Rc7 38. Rf1 Qxg2 39. Qxb6+
Rb7 40. Qd6+ Rc7 41. Ke3 f5 42. Qe5 Qxe4+ 43. Qxe4 fxe4 44. Kxe4 Rc3 45. Bb5
Rxa3 46. Bxd7 Rxg3 47. b5 Kc7 48. Bc6 Rg4+ 49. Kd5 Kb6 50. Rf7 Rb8 51. Rf6 Rh4
52. Bd7+ Ka5 53. Kc5 Ra8 54. Rg6 Rh1 55. Bc6 Rc8 56. Kd6 Rh8 57. Rg7 a3 58.
Ra7+ Kb4 59. b6 Rb8 60. b7 Rd1+ 61. Kc7 Rdd8 62. Bd7 Kb3 63. Bc8 Rdxc8+ 64.
bxc8=Q Rxc8+ 65. Kxc8 a2 66. Rb7+ Kc2 67. Ra7 Kb1 68. Rb7+ Kc2 69. Rc7+ Kb1 70.
Rb7+ Kc1 71. Rc7+ Kb2 72. Rb7+ Kc3 73. Rc7+ Kb3 1/2-1/2

[Event "Mercredi 2014.02.19"]
[Site "Montreal CAN"]
[Date "2014.03.19"]
[Round "5"]
[White "Brassard, Sylvain"]
[Black "Salazar, Andres"]
[Result "0-1"]
[WhiteElo "1729"]
[BlackElo "1760"]
[PlyCount "84"]
[EventDate "2014.02.19"]
[EventType "tourn"]
[EventRounds "5"]
[EventCountry "CAN"]

1. d4 c5 2. d5 d6 3. e4 Nf6 4. Nc3 g6 5. Nf3 Bg4 6. h3 Bxf3 7. Qxf3 Bg7 8. Bc4
O-O 9. O-O a6 10. a4 Nfd7 11. Bf4 Ne5 12. Bxe5 Bxe5 13. Rad1 Qa5 14. Ra1 Qb4
15. Qd3 Qxb2 16. Ne2 Qb6 17. Rab1 Qc7 18. Qb3 Ra7 19. f4 Bg7 20. f5 Nd7 21.
fxg6 hxg6 22. Nc1 Ne5 23. Be2 c4 24. Qb6 Qb8 25. Na2 Rc8 26. Nb4 Qa8 27. Qf2
Rc5 28. h4 Qe8 29. h5 a5 30. Na2 Qxa4 31. Nc3 Qxc2 32. Nb5 Ra8 33. hxg6 fxg6
34. Nd4 Qxe4 35. Ne6 Bh6 36. Kh1 Rxd5 37. Rxb7 Rd2 38. Rfb1 Rxe2 39. Rb8+ Kh7
40. Qg3 Rxb8 41. Rxb8 Re1+ 42. Kh2 Ng4+ 0-1

[Event "Mercredi 2014.02.19"]
[Site "Montreal CAN"]
[Date "2014.03.19"]
[Round "5"]
[White "Dumouchel, Alain"]
[Black "Gunapalan, David"]
[Result "1-0"]
[WhiteElo "1914"]
[BlackElo "1834"]
[PlyCount "49"]
[EventDate "2014.02.19"]
[EventType "tourn"]
[EventRounds "5"]
[EventCountry "CAN"]

1. e4 c5 2. Nf3 d6 3. d4 cxd4 4. Nxd4 Nf6 5. Nc3 g6 6. Be3 Bg7 7. f3 Nc6 8. Qd2
O-O 9. O-O-O d5 10. Nxc6 bxc6 11. exd5 cxd5 12. Nxd5 Nxd5 13. Qxd5 Qc7 14. Qxa8
Bf5 15. Qxf8+ Kxf8 16. Bd3 Qe5 17. Kd2 Bxd3 18. Kxd3 Qxb2 19. Ke2 Qxc2+ 20. Rd2
Qc4+ 21. Kf2 Qc7 22. Rc1 Bc3 23. Rxc3 Qxc3 24. Rd8+ Kg7 25. Bd4+ 1-0

[Event "Mercredi 2014.02.19"]
[Site "Montreal CAN"]
[Date "2014.03.19"]
[Round "5"]
[White "Gauthier, Luc"]
[Black "Barko, Maxim"]
[Result "0-1"]
[WhiteElo "1838"]
[BlackElo "1889"]
[PlyCount "74"]
[EventDate "2014.02.19"]
[EventType "tourn"]
[EventRounds "5"]
[EventCountry "CAN"]

1. e4 c5 2. Nc3 Nc6 3. g3 g6 4. Bg2 Bg7 5. d3 e6 6. f4 Nge7 7. Nf3 d5 8. O-O
O-O 9. Rb1 b5 10. Ne2 Nd4 11. c3 Nxf3+ 12. Bxf3 b4 13. Be3 Qa5 14. cxb4 cxb4
15. Nc1 Bd7 16. Qd2 Rab8 17. a3 a6 18. Nb3 Qb5 19. Nc5 d4 20. Bf2 Qxc5 21. Rfc1
Qb6 22. Rc4 bxa3 23. e5 a2 24. Ra1 Qxb2 25. Qxb2 Rxb2 26. Bxd4 Rb1+ 27. Kg2 Nf5
28. Rxa2 Bb5 29. Bc5 Bxc4 30. dxc4 Rc8 31. Bf2 Rxc4 32. g4 Nd4 33. Be4 Rbb4 34.
Bd3 Rc6 35. Bxa6 Rc2 36. Rxc2 Nxc2 37. Bd3 Nd4 0-1